MDQL
is popping MORE tags! Check the
thread
!
Quizzes
Events
Quiz Creation
Community
Videos
Private Events
Remove Ads
Sign In
Join for FREE
Feedback
Dark Mode
Quiz Categories
Sports
Geography
Music
Movies
Television
Just For Fun
Miscellaneous
History
Literature
Language
Science
Gaming
Entertainment
Religion
Holiday
For Kids
Quiz Lab
Recent
Popular Today
Quiz Kudos Today
Editor Picks
Curator Picks
Quizzes by...
Day
Popularity
Type
Ratings
Length
Year
Community
Subscriptions
Recent Discussions
Orange Saloon
Badges
Playlists
Quests
Create
Leaderboards
Showdown
Live 5
Trivia Bingo
Activity
Puzzle Library
Sporcle Events
Private Events
Virtual Trivia
Globe League
Become a Host
Pub Owners
SporcleCon
Opinionation
Our Games
Videos
Blog
Mobile Apps
Partnerships
Remove Ads and Go Orange
Feedback
Sports
Athletes
MLB
NBA
NHL
NFL
Soccer
Sports Teams
WWE
NCAA
Football
Premier League
Basketball
Baseball
Hockey
Golf
Tennis
Cricket
Rugby
Auto Racing
Olympics
World Cup
Sports
Athletes
MLB
NBA
NHL
NFL
Soccer
Sports Teams
WWE
NCAA
Football
Premier League
Basketball
Baseball
Hockey
Golf
Tennis
Cricket
Rugby
Auto Racing
Olympics
World Cup
Random Quiz
Search Sporcle
×
Quiz Lab
Quiz Lab
Sports
Athletes
Type in answers that appear in a list
Type in answers that appear in a list
Classic
Best Score? Go Orange.
Women's Alpine Skiing World Cup Winners Stats
Can you name the Women's Alpine Skiing World Cup Winners?
By
slalomwondergirl
7m
44 Questions
74 Plays
74 Plays
74 Plays
Comments
Comments
Give Quiz Kudos
Give Quiz Kudos
-
- Ratings
hide this ad
Replay
Link that replays current quiz
Next Quiz
Link to next quiz in quiz playlist
You Got
0%
They Got
Avg Score
49%
Avg Friend Score
Upgrade to see
Score Distribution
Jump to the score distribution portion of the page
Score
0/44
Timer
07:00
0
Plays Today
Year
Athlete
% Correct
2010
Lindsey Vonn
91.9%
2009
Lindsey Vonn
91.9%
2008
Lindsey Vonn
91.9%
2006
Janica Kostelic
77%
2003
Janica Kostelic
77%
2001
Janica Kostelic
77%
1995
Vreni Schneider
68.9%
1994
Vreni Schneider
68.9%
1989
Vreni Schneider
68.9%
2005
Anja Parson
67.6%
2004
Anja Parson
67.6%
2002
Michaela Dorfmeister
60.8%
1997
Pernilla Wiberg
59.5%
2000
Renate Gotschl
55.4%
1999
Alexandra Meissnitzer
55.4%
1998
Katja Seizinger
52.7%
1996
Katja Seizinger
52.7%
1992
Petra Kronberger
50%
1991
Petra Kronberger
50%
1990
Petra Kronberger
50%
1980
Hanni Wenzel
45.9%
1978
Hanni Wenzel
45.9%
Year
Athlete
% Correct
1987
Maria Walliser
44.6%
1986
Maria Walliser
44.6%
1993
Anita Wachter
43.2%
2007
Nicole Hosp
41.9%
1974
Annemarie Proll
41.9%
1973
Annemarie Proll
41.9%
1972
Annemarie Proll
41.9%
1971
Annemarie Proll
41.9%
1988
Michela Figini
40.5%
1985
Michela Figini
40.5%
1979
Annemarie Moser-Proll
40.5%
1975
Annemarie Moser-Proll
40.5%
1981
Marie-Theres Nadig
33.8%
1984
Erika Hess
31.1%
1982
Erika Hess
31.1%
1976
Rosi Mittermaier
31.1%
1968
Nancy Greene
28.4%
1967
Nancy Greene
28.4%
1983
Tamara McKinney
27%
1969
Gertrude Gabl
17.6%
1977
Lise-Marie Morerod
13.5%
1970
Michele Jacot
12.2%
Quiz Playlist
Details
Report
Send in Message
Add To Playlist
Classic:
Type in answers that appear in a list
Last Updated: Feb 16, 2017
Quiz Scoreboard
CHALLENGE
Sign Up to Join the Scoreboard
Show All
Scores
Hide
Comments
May contain spoilers
Recently Published
Street Fighter Characters
by Artimus82
Gaming
60s
9x9 Crossword: Cartoon Network
by jackfrog10
Miscellaneous
3m
College Basketball Coaching Resumes
by pancakes188
Sports
9m
More to Explore
Quiz From the Vault
Featured Blog Post
Where Did the Easter Bunny Come From?
hide this ad
You Might Also Like...
Tags
Athletes Quiz
World Quiz
alpine
cup
Skiing
Winner
Women
Today's Top Quizzes in Sports
Browse Sports
hide this ad
Today's Top Quizzes in Athletes
Browse Athletes
Top Contributed Quizzes in Sports
1
2022 World Cup Stars
2
Les meilleurs buteurs des matchs entre le PSG et l’OM
3
FIFA Club World Cup Champions
4
Les entraîneurs de l'OM et du PSG au 21e siècle
5
Criteria MLB: Left Handed Sluggers
6
2023 MLB Unique Player Accomplishments
7
AFC Teams Reveal (Wrong Answers Minefield)
8
Players with Multiple 50 Home Run Seasons
9
5-to-1: FBS Animal Nicknames
10
5-to-1: UK Sports Teams
Explore More
Trending Topics
Harry Potter
Crossword
Marvel
Kpop
Anime
Disney
NBA
Country
Soccer
Song
WWE
Puzzle
NFL
The Office
Pokémon
hide this ad
More By:
slalomwondergirl
Quiz
Plays
Rating
Category
Featured
Created
Word Ladder: Disney II
69,838
4.50
Just For Fun
Mar 5, 2011
Word Ladder: Island Countries
26,210
4.54
Just For Fun
Jan 27, 2011
Disney word ladder 2
1,054
3.00
Movies
Mar 5, 2011
Even more disney song lyrics
615
2.80
Movies
Jan 19, 2011
Arthur character animals
563
3.00
Television
Jan 20, 2011
Go to Creator's Profile
Score Distribution
Quiz Creator Spotlight
slalomwondergirl
Follow
Send a Message
Quizzes Created
-
Created Quiz Play Count
-
More By This Creator
Popular Quizzes Today
1
Find the US States - No Outlines Minefield
2
Find the Countries of Europe - No Outlines Minefield
3
The Countries of the World
4
Find the US States
5
Risky Map Clicking: Biggest States A-Z
6
US States
7
Popular People in 1961
8
Movies - When Are They Set?
More Sports Quizzes
Quick Pick: NFL Teams With the Most Hall of Famers
Quiz Lab
Trending Quizzes
Risky Map Clicking: Least Populous States A-Z
1-10 Letter G Words
Risky Map Clicking: Next State Alphabetically
Adjectives in 80s TV Shows
The Seven Year Switch: Catherine
Recently Updated
Leaping Animals
pecheneg
Reality TV Shows (A-Z)
bhenderson79
Rickey Henderson's Hall of Fame Teammates
pecheneg
Champions League XIs: Arsenal
pecheneg
Quick Pick: Celebrities in WWE's Hall of Fame
aduchscher
A-Z Keypad Blitz II
pecheneg
Multiple Oscar Actors
pecheneg
Mystery Phrase Blitz: Oscar 'Best Actors'
pecheneg
F. Scott Fitzgerald Novels
LTH
Pick 3 Villains
ddd62291
Trending Topics
Kpop
NBA
Harry Potter
Crossword
Anime
Marvel
Disney
Puzzle
WWE
Soccer
Song
The Office
NFL
Country
Pokémon
Your Account Isn't Verified!
In order to create a playlist on Sporcle, you need to verify the email address you used during registration. Go to your
Sporcle Settings
to finish the process.
Report this User
Report this user for behavior that violates our
Community Guidelines
.
Details:
Send Report
Go to the Sporcle.com Mobile Site →
Comments